MCSE/MCSA implementing a Windows server 2003 network infrastructure study guide (exam 70-291) (Record no. 61947)
[ view plain ]
| 000 -LEADER | |
|---|---|
| fixed length control field | 00775nam a22002057a 4500 |
| 003 - CONTROL NUMBER IDENTIFIER | |
| control field | NUST-PNEC |
| 005 - DATE AND TIME OF LATEST TRANSACTION | |
| control field | 20170116180735.0 |
| 008 - FIXED-LENGTH DATA ELEMENTS--GENERAL INFORMATION | |
| fixed length control field | 141123b xxu||||| |||| 00| 0 eng d |
| 020 ## - INTERNATIONAL STANDARD BOOK NUMBER | |
| International Standard Book Number | 0072225661 |
| 040 ## - CATALOGING SOURCE | |
| Transcribing agency | PNEC |
| 082 ## - DEWEY DECIMAL CLASSIFICATION NUMBER | |
| Classification number | 005.447682 MCC |
| 100 ## - MAIN ENTRY--PERSONAL NAME | |
| 9 (RLIN) | 1031 |
| Personal name | McCaw Rory |
| 245 ## - TITLE STATEMENT | |
| Title | MCSE/MCSA implementing a Windows server 2003 network infrastructure study guide (exam 70-291) |
| Statement of responsibility, etc. | Rory McCaw; Kenneth S Lind |
| 260 ## - PUBLICATION, DISTRIBUTION, ETC. | |
| Place of publication, distribution, etc. | New York : |
| Name of publisher, distributor, etc. | McGraw-Hill/Osborne, |
| Date of publication, distribution, etc. | ©2004. |
| 300 ## - PHYSICAL DESCRIPTION | |
| Extent | xxix, 749 p. : |
| Other physical details | ill. ; |
| Dimensions | 24 cm. |
| 500 ## - GENERAL NOTE | |
| General note | Includes index. |
| 650 ## - SUBJECT ADDED ENTRY--TOPICAL TERM | |
| General subdivision | MIS, Computer |
| 856 ## - ELECTRONIC LOCATION AND ACCESS | |
| Uniform Resource Identifier | <a href="http://www.amazon.com/Implementing-Windows-Server-Network-Infrastructure/dp/0072225661/ref=sr_1_1?s=books&ie=UTF8&qid=1416758676&sr=1-1&keywords=0072225661">http://www.amazon.com/Implementing-Windows-Server-Network-Infrastructure/dp/0072225661/ref=sr_1_1?s=books&ie=UTF8&qid=1416758676&sr=1-1&keywords=0072225661</a> |
| 942 ## - ADDED ENTRY ELEMENTS (KOHA) | |
| Source of classification or shelving scheme | |
| Koha item type | Book |
| Withdrawn status | Lost status | Source of classification or shelving scheme | Damaged status | Not for loan | Permanent Location | Current Location | Shelving location | Date acquired | Source of acquisition | Cost, normal purchase price | Total Checkouts | Full call number | Barcode | Date last seen | Cost, replacement price | Price effective from | Koha item type |
|---|---|---|---|---|---|---|---|---|---|---|---|---|---|---|---|---|---|
| Pakistan Navy Engineering College (PNEC) | Pakistan Navy Engineering College (PNEC) | 03/03/2005 | NUST Recurring | 0.00 | 005.447682 MCC | PNECLIB-027214 | 11/23/2014 | 0.00 | 03/03/2005 | Book |
